| 000 | 00540nam a22002057a 4500 | ||
|---|---|---|---|
| 003 | SISC | ||
| 005 | 20160406134633.0 | ||
| 008 | 140111b xxu||||| |||| 00| 0 eng d | ||
| 020 | _a9789710411818 | ||
| 050 |
_aHC 79 _b.M464 2008 |
||
| 100 |
_aAlexander Maximo _930551 |
||
| 245 | _aOffice Productivity / | ||
| 260 |
_aPhilippines : _bTechFactors Ins, _c2008. |
||
| 300 |
_a138 p. : _billl. col. ; _c26 cm. |
||
| 651 | _2Office Productivity | ||
| 651 | _2Word Processing | ||
| 651 | _2Spreedsheet | ||
| 942 |
_2lcc _cBK |
||
| 999 |
_c39812 _d39812 |
||